| 000 | 00610nam a2200193Ia 4500 | ||
|---|---|---|---|
| 005 | 20250508151723.0 | ||
| 008 | 008 250505s9999 xx 000 0 eng d | ||
| 037 | _aTextual | ||
| 040 |
_aFEDL _beng _cFEDL |
||
| 041 |
_aeng _2eng |
||
| 084 |
_a371.4, HIN _qFEDL |
||
| 245 | 0 | _aReport of the seventh all-India basic education conference | |
| 260 |
_aWardha, India _bHindustani Talimi Sangh _c1952 |
||
| 300 | _aiv,199p. | ||
| 546 | _aSevegram February 28-March 5, 1951 | ||
| 650 |
_aEducational - Guidance and Counseling _9756302 |
||
| 942 |
_cTEXL _h371.4, HIN |
||
| 999 |
_c1331680 _d1331680 |
||